000 01103nam a2200337I 4500
001 10945
003 MCM
005 20211208235038.0
008 140125s1960 nyua b 001 0 engm
035 _aMITb10400591
035 _a(OCoLC)00545217
035 _aGLIS00400591
040 _aDLC
_cWSU
_dm.c.
_dSER
_dm/c
_dMYG
_dBD-RjUL
_beng
041 _aeng
082 _a548
_bWAE
090 _aQD905
_b.W17 1960
099 _aQD905.W17 1960
100 1 _aWade, F. Alton
_q(Franklin Alton),
_d1903-1978.
_933827
245 1 0 _aElements of crystallography and mineralogy
_c[by] F. Alton Wade [and] Richard B. Mattox.
260 _aNew York ;
_aCalcutta:
_bHarper ,
_bOxford & IBH Publishing Co.
_c1959 c1960.
300 _a332 p. :
_billus. ;
_c25 cm.
490 1 _aHarper's geoscience series
504 _aIncludes bibliography and index.
650 0 _aCrystallography.
_933828
650 0 _aMineralogy.
_933829
700 1 _aMattox, Richard Benjamin,
_d1921-
_9223755
830 0 _aHarper's geoscience series.
_9223756
942 _2ddc
_cBK
949 _aMYGL
_b39080005798365
999 _c10945
_d10945